000 00871nam a22002777a 4500
001 BR7801929
003 BR-BrBNA
005 20230928085550.0
007 ta
008 230509b bl.||||| |||| 00| 0 por d
040 _aBR-BrBNA
_bpor
_cBiblioteca Nacional de Agricultura
041 _a(Por)
072 _aM00
_b/G514
090 _ M00 BR7801929
110 1 _aSuperintendencia do Desenvolvimento da Pesca, Brasilia, DF (Brasil)
_910064
111 1 _a1. Encontro das Federacoes de Pesca
_cBrasilia, DF (Brazil)
_d22 Jun 1978
245 1 _a1. Encontro das federacoes de pesca [Desenvolvimento pesqueiro; Brasil]
260 3 _aBrasilia, DF (Brasil):
_c1978.
300 _avp.
650 _aPESCA
650 _aDESENVOLVIMENTO PESQUEIRO
650 _aPESCA ARTESANAL
650 _aADMINISTRACAO PESQUEIRA
909 _a202309
_bLucia
_c55
_dLucia Elande
942 _cBK
999 _c25118
_d25118